000
00289nam a22001217a 4500
008
180118b xxu||||| |||| 00| 0 eng d
041
_a
eng
080
_a
34
100
_a
14
101
_a
JUR
245
_a
LAW OF EMPLOYEE PENSION AND WELFARE BENEFITS
_c
FROLIK.L.A
942
_2
udc
_c
BK
999
_c
40495
_d
40495